Análisis de la estabilidad lateral de la parte baja del Río Bananito en el tramo aluvial comprendido entre las coordenadas (606435; 1090549) y (611750; 1094154) CRTM05
Tallennettuna:
| Päätekijä: | |
|---|---|
| Aineistotyyppi: | Kirja |
| Kieli: | Spanish |
| Julkaistu: |
[San José], Costa Rica,
2013
|
| Aiheet: | |
| Tagit: |
Lisää tagi
Ei tageja, Lisää ensimmäinen tagi!
|
MARC
| LEADER | 00000nam a22000007a 4500 | ||
|---|---|---|---|
| 003 | 011762 | ||
| 005 | 20221231143913.0 | ||
| 008 | 150908b2013 cr a|||| |||| 00| 0 spa d | ||
| 040 | |c cru CEDI | ||
| 090 | |a TFG 6931 | ||
| 100 | |9 1135 |a Calderon Castro, Wendy | ||
| 245 | |a Análisis de la estabilidad lateral de la parte baja del Río Bananito en el tramo aluvial comprendido entre las coordenadas (606435; 1090549) y (611750; 1094154) CRTM05 | ||
| 260 | |a [San José], Costa Rica, |c 2013 | ||
| 500 | |a Proyecto de graduación (licenciatura en ingeniería civil)--Universidad de Costa Rica. Facultad de Ingeniería. Escuela de Ingeniería Civil | ||
| 650 | |x CUENCA DEL RIO BANANITO (COSTA RICA) |x ESTABILIZACION DE SUELOS - EVALUACION - CUENCA DEL RIO BANANITO (COSTA RICA) |x GEOMORFOLOGIA - CUENCA DEL RIO BANANITO (COSTA RICA) |x SEDIMENTOS DE RIO |x DRENAJE |x LIMON (COSTA RICA) - SUMINISTRO DE AGUA |9 1136 | ||
| 942 | |c TFG | ||
| 999 | |c 13989 |d 13989 | ||
